LEADER 00979nam0 2200253 450 001 000020504 005 20081211115211.0 100 $a20081211d1885----km-y0itay50------ba 101 0 $aita 102 $aIT 105 $ay-------001yy 200 1 $aContratto e capitolato per l'esercizio della rete adriatica$ecoi relativi allegati$fSocietā italiana per le strade ferrate meridionali 210 $aFirenze$cCivelli$d1885 215 $aXVI, 447 p.$d24 cm 300 $aIn testa al front.: Edizione 1. aprile 1885 500 10$aContratto e capitolato per l'esercizio della rete adriatica$947470 610 1 $aRete ferroviaria adriatica$aContratto$aCapitolato 676 $a346.043$v19 710 02$aSocietā italiana per le strade ferrate meridionali$06326 801 0$aIT$bUNIPARTHENOPE$c20081211$gRICA$2UNIMARC 912 $a000020504 951 $aA346.043/1$b24375$cNAVA1$d2008 996 $aContratto e capitolato per l'esercizio della rete adriatica$947470 997 $aUNIPARTHENOPE